000 00871nam a22002417a 4500
001 609
005 20250826102829.0
020 _a9780769631776
040 _aFISKH
_beng
_cFISKH
_dFISKH
082 _a591.77
100 _aKenah, Katharine.
245 _aCreatures of the deep /
_cby Kenah, Katharine
250 _aFirst Scholastic printing, December 2011.
260 _aNew York :
_bScholastic,
_c2011.
300 _a32 pages :
_bcolor illustrations ;
_c23 cm
490 _aExtreme Readers
_v1
505 _aF
520 _aDare to read the extreme! The Creatures of the Deep Extreme Reader takes a look at the different depths of ocean water and the animals that exist there, including dolphins, whales, sharks, and more!
521 _a450
_bLexile
521 _aF
_bRaz-Plus
650 _2Ocean
_aAnimals sea
_vNon Fiction
942 _2ddc
_cBK
_n0
999 _c609
_d609